| 000 | 00516nam a2200145Ia 4500 | ||
|---|---|---|---|
| 008 | 170221s9999 xx 000 0 und d | ||
| 100 | _aBadri Abbasi | ||
| 245 | _aRelationship between Consumer Characteristics and Impulse Buying Behavior: The Mediating Role of Buying Intention of New Clothing Buyers | ||
| 245 | _cBadri Abbasi | ||
| 260 | _bInternational Review of Management and Marketing | ||
| 260 | _c2017 | ||
| 300 | _a7 : 1 | ||
| 650 | _xMarketing. | ||
| 856 | _uhttp://www.econjournals.com/index.php/irmm | ||
| 999 |
_c308042 _d308042 |
||